000 01133nam0a22002651 4500
001 rc\2760729
005 20250529152231.0
035 _a(NLR Aleph) 006887368
090 _a7110328
_c7110328
100 _a20110915d1940 |||y0rusy50 ca
101 0 _arus
102 _aRU
105 _aa j |||||
200 1 _aХимико-технический контроль консервного производства
_eУтв. Учеб.-метод. советом ГУУЗа Наркомпищепрома СССР в качестве учебника для вузов консерв. пром-сти
_fА. Т. Марх, Р. В. Кржевова
205 _a2-е изд., перераб. и доп.
210 _a[Москва]
_cПищепромиздат
_d1940
_eКалуга
215 _a358 с.
_cил., черт.
_d22 см.
320 _aБиблиогр.: с. 354-5
700 1 _aМарх
_bА.Т.
_gАлександр Тевиевич
701 1 _aКржевова
_bР.В.
_gРита Владимировна
801 0 _aRU
_bNLR
_gpsbo
801 1 _aRU
_bELAR
_2rusmarc
852 _aNLR
_j40-4/1307
942 _cBOOK
980 _aNB